Responses for Show #2307 - Tuesday, September 20, 1994

Contestants

[<< previous game]

Chris Keller, a data processing consultant from Cherry Hill, New Jersey

Neil Quarterman, a foreign service officer from Washington, D.C.

Jim Sears, a transit analyst from Brooklyn, New York (whose 1-day cash winnings total $12,000)

[next game >>]

Jeopardy! Round responses

FIRST LADIES
TELEVISION
WORLD ALMANAC 1893
LOUISIANA
GAMBLING
PREFIXES
    $100 1
Hillary Clinton

Jim
    $100 22
Leave it to Beaver

Jim
    $100 7
(Neil: What are college fight songs?)
[Neil's response is originally ruled correct, but the ruling is reversed after the first break.]

cheers

Neil
Triple Stumper
    $100 12
Baton Rouge

Chris
    $100 4
one-armed bandits (slot machines)

Jim
    $100 16
anti-

Jim
    $200 2
Jacqueline Kennedy

Jim
    $200 23
Matlock

Neil
    $200 8
(Jim: What's 51 years?)

33 years

JimNeil
    $200 13
Napoleon

Jim
    $200 27
a horse race

Chris
    $200 17
audio-

Triple Stumper
    $300 3
Rosalynn Carter

Chris
    $300 24
Frank Gifford

Jim
    $300 9
(Jim: What are cattle?)
...
(Alex: Yes, the hog capital of the world, Chicago.)

hogs

JimNeil
    $300 14
parishes

Chris
    $300 28
dice

Chris
    $300 18
sub-

Jim
    $400 5
Martha Washington

Neil
    $400 25
Steve Urkel

Chris
    $400 10
Jupiter

Neil
    $400 15
the French Quarter

Jim
    $400 29
blackjack

Neil
    $400 19
paleo-

Jim
    $500 6
Mary Todd Lincoln

Neil
    $500 26
the Thinker

Chris
    $1,000 11
(Alex: [*] is right. Over 4 million people living there at the time.)

London

Neil
    $500 21
Huey Long

Jim
    $500 30
(Chris: What are spades & diamonds?)

spades & hearts

NeilChris
    $500 20
macro- & micro-

Jim

Scores at the first commercial break (after clue 15):

Jim Neil Chris
$500 $2,700 $700

Scores at the end of the Jeopardy! Round:

Jim Neil Chris
$2,700 $3,800 $1,600

Double Jeopardy! Round responses

THE MIDDLE AGES
FOODS OF THE WORLD
MUSIC
MYTHOLOGY
COMPUTERS
AUTHORS
    $200 16
the Crusades

Jim
    $200 13
a lamprey

Jim
    $200 8
(Chris: What is a whole note?)

a measure

NeilChris
    $200 24
the cyclops

Neil
    $200 1
escape

Chris
    $200 3
J.D. Salinger

Jim
    $400 17
El Cid

Jim
    $400 14
(Alex: Maybe that's why [*] fell.)

the Roman Empire

Triple Stumper
    $400 9
a mallet (a hammer)

Jim
    $400 25
Cupid

Neil
    $400 2
a mouse

Neil
    $400 4
Virginia

Jim
    $600 18
Cairo

Neil
    $600 15
iguana

Neil
    $600 10
Rossini

Triple Stumper
    $600 26
(Chris: Who were the Fates?)
...
(Alex: We have less than a minute to go.)

the Muses

Chris
Triple Stumper
    $600 21
a floppy

Jim
    $600 5
Gertrude Stein

Neil
    $800 19
(Neil: What is Istanbul?)

Baghdad

Neil
Triple Stumper
    $800 22
Greece

Jim
    $800 11
études

Jim
    $3,000 27
the winds

Neil
    $800 30
desktop publishing

Jim
    $800 6
Horatio Alger

Jim
    $1000 20
the Hanseatic League

Chris
    $1000 23
haggis

Jim
    $1,200 12
a pastorale

Jim
    $1000 28
Daedalus

Neil
    $1000 29
design

Triple Stumper
    $1000 7
Günter Grass

Jim

Scores at the end of the Double Jeopardy! Round:

Jim Neil Chris
$11,500 $10,000 $2,000

[wagering suggestions for these scores]

Final Jeopardy! Round responses

WOMEN IN SPORTS
(Alex: [Following Neil's response] We don't need the first name unless there is the possibility of ambiguity.)
ChrisWho is Bonnie Blair?
$500
NeilWho is Blair?
$2,000
JimWho is Joyner?
$2,000
Bonnie Blair

Final scores:

Jim Neil Chris
$9,500 $12,000 $2,500
2nd place: Lane video cabinet + Sanyo TV New champion: $12,000 3rd place: Gibson freezer

Game dynamics:

Coryat scores:

Jim Neil Chris
$11,300 $7,300 $2,000
26 R
(including 1 DD),
2 W
18 R
(including 2 DDs),
2 W
9 R,
3 W

Combined Coryat: $20,600

[game clues] [game scores] [suggest correction]

Game tape date: 1994-07-26
The J! Archive is created by fans, for fans. Scraping, republication, monetization, and malicious use prohibited; this site may use cookies and collect identifying information. See terms. The Jeopardy! game show and all elements thereof, including but not limited to copyright and trademark thereto, are the property of Jeopardy Productions, Inc. and are protected under law. This website is not affiliated with, sponsored by, or operated by Jeopardy Productions, Inc. Join the discussion at JBoard.tv.